Gestión de bibliotecas : texto guía de las asignaturas de Biblioteconomía General y Biblioteconomía Especializada /

Introducción a los conceptos básicos relativos a la organización y administración de bibliotecas, desde las técnicas de trabajo concretas, como los procesos técnicos o la prestación de servicios, como lo son el análisis de documentos, cómo utilizar las tecnologías de la información, o cómo acceder y...

Descrizione completa

Salvato in:
Dettagli Bibliografici
Autore principale: Gómez Hernández, José A. (autor)
Natura: Libro
Lingua:spagnolo
Pubblicazione: Murcia, España : Universidad de Murcia, 2002, c2002
Serie:(Texto-Guía)
Soggetti:
Tags: Aggiungi Tag
Nessun Tag, puoi essere il primo ad aggiungerne!!

MARC

LEADER 00000nam^a2200000^a^4500
001 000153067
005 20250521000000.0
009 20260310100305.693
020 |a 84-8425-262-0 
037 |a Acervo ITESO - Biblioteca 
041 |a ESP 
082 |a 025. 1  |b GOM 
100 |a Gómez Hernández, José A.  |e (autor) 
245 1 0 |a Gestión de bibliotecas :  |b texto guía de las asignaturas de Biblioteconomía General y Biblioteconomía Especializada /  |c J.A. Gómez Hernández. 
264 4 |a Murcia, España :  |b Universidad de Murcia,  |c 2002, c2002 
300 |a 342 p. 
336 |a texto  |b txt  |2 rdacontenido 
337 |a sin mediación  |b n  |2 rdamedio 
338 |a volumen  |b nc  |2 rdasoporte 
440 1 |a (Texto-Guía) 
520 |a Introducción a los conceptos básicos relativos a la organización y administración de bibliotecas, desde las técnicas de trabajo concretas, como los procesos técnicos o la prestación de servicios, como lo son el análisis de documentos, cómo utilizar las tecnologías de la información, o cómo acceder y usar las fuentes de información para responder a las necesidad de usuarios, hasta la organización de clases particulares de bibliotecas, tales como las nacionales, las públicas, las infantiles, la escolares y universitarias y las especializadas. 
649 |a XX 
650 |a Bibliotecas -  |x Administración 
650 |a Bibliotecas -  |x Planeación 
650 |a Información -  |x Administración 
650 |a Sistemas de Información 
650 |a Canjes Interbibliotecarios 
650 |a Desarrollo de Colecciones (Bibliotecas) 
650 |a Servicios Técnicos (Bibliotecas) 
650 |a Bibliotecas -  |x Préstamos 
650 |a Lectura 
650 |a Hábitos 
650 |a Competencias de Información 
650 |a Formación de Usuarios (Bibliotecas) 
650 |a Desarrollo Cognoscitivo 
650 |a Cultura -  |x Difusión 
650 |a Ciencia -  |x Difusión 
650 |a Calidad en el Servicio 
650 |a Control de Calidad 
650 |a Recursos Humanos 
650 |a Biblioteca Nacional -  |z España 
650 |a Bibliotecas Públicas -  |z España 
650 |a Bibliotecas Infantiles y Juveniles -  |z España 
650 |a Bibliotecas Escolares -  |z España 
650 |a Bibliotecas Universitarias -  |z España 
650 |a Bibliotecas Especializadas -  |z España 
650 |a Biblioteconomía -  |x Estudio y Enseñanza 
910 |a Fondo General 
920 |a Impresos - Libros 
930 |a Colección General 
905 |a 101 
901 |a 0500081661  |b IT1  |c ACC  |u 20250521 
902 |a https://opac.biblio.iteso.mx/vufind/Record/000153067